| 000 | 00321nam a22000977a 4500 | ||
|---|---|---|---|
| 008 | 230522b |||||||| |||| 00| 0 eng d | ||
| 082 | _a333.95 | ||
| 245 |
_aTrainer Manual: Curriculum 5; _bIntake, screening, assessment, treatment planning and documentation for addiction professionals |
||
| 300 |
_a596 p. _c28cm |
||
| 942 | _2ddc | ||
| 999 |
_c9597 _d9598 |
||